000 00441nam a2200181Ia 4500
001 24042
005 20260414151017.0
008 260414t1999||||xx |||||||||||||| ||spa||
041 _aESP
082 _a759
_bCH51
100 _aIngo F., Walther
_eAUT
245 0 _aMarc Chagall :
_b1887-1985 la pintura como poesía
260 _c1999
300 _a95 páginas :
_c23 cm.
650 _aABD
654 _aCAU
942 _cLIB
_dJUS
_fJUS
_2ddc
_n
999 _c24042
_d24042